KOHA-Header-6

Calculus and Analytic Geometry (Record no. 14008)

000 -LEADER
fixed length control field 00275nam a22001217a 4500
020 ## - INTERNATIONAL STANDARD BOOK NUMBER
ISBN 969000672
082 ## - DEWEY DECIMAL CLASSIFICATION NUMBER
Classification number 515
100 ## - MAIN ENTRY--AUTHOR NAME
Personal name Dr. M. N. M. Talpur
245 ## - TITLE STATEMENT
Title Calculus and Analytic Geometry
260 ## - PUBLICATION, DISTRIBUTION, ETC. (IMPRINT)
Place of publication Lahore
Name of publisher Feroz Sons pvt.
Year of publication 1982
300 ## - PHYSICAL DESCRIPTION
Number of Pages 490 pages
942 ## - ADDED ENTRY ELEMENTS (KOHA)
Koha item type Books
Holdings
Withdrawn status Lost status Collection code Permanent Location Current Location Shelving location Date acquired Full call number Accession Number Koha item type
    Calculus MAJU MAJU Shelf No.A27 2025-06-03 515 4935 Books

Powered by Koha